000
00317nam a2200109Ia 4500
008
220216s9999 xx 000 0 und d
100
_a
Noronha Ernesto
245
0
_a
Globalisation : The impact on port and dock workers in India
260
_b
Indian Journal of Labour Economics
_c
2003
300
_a
611-621
942
_c
JS
999
_c
59993
_d
59993